000 00880nam a22002417a 4500
008 240706b mp ||||| |||| 00| 0 mon d
020 _a978-99973-1-671-4
035 _a61279
040 _aBH0164090
_bmon
_cMN-UlNLM
_dMN-UlNLM
_erda
041 _amon
042 _a186251
084 _2NNA
_a92
_bБ-35
100 _aБэн Хоар
245 0 _aСонирхолтой амьтад
264 _aУлаанбаатар
_bМон судар
_c2018
300 _aх.
336 _2rdacontent
_atext
_btxt
337 _2rdamedia
_aunmediated
_bn
338 _2rdacarrier
_avolume
_bnc
650 _aДуртай амьтдынхаа тухай гайхалтай сонирхолтой баримтыг энэ номноос олж уншиаарай. 100 гаруй амьтдын тухай өгүүлнэ....
942 _2NNA
_cBK
999 _c1122005
_d1122062